Four practical revolutions in management : Systems for creating unique organizational capability

This book presents an integrated approach to management aimed at boosting business efficiency and enabling breakthrough opportunities. Shiba and Walden emphasize transforming company thinking to recognize opportunities, even fostering collaboration with competitors. They advocate balancing internal...

Deskribapen osoa

Gorde:
Xehetasun bibliografikoak
Egile nagusia: Shiba, Shoji
Beste egile batzuk: Walden, David
Formatua: Liburua
Hizkuntza:Vietnamese
Argitaratua: New York Productivity Press 1993
Gaiak:
Etiketak: Etiketa erantsi
Etiketarik gabe, Izan zaitez lehena erregistro honi etiketa jartzen!
Thư viện lưu trữ: Thư viện Trường Đại học Nam Cần Thơ
LEADER 01349nam a22002177a 4500
001 NCT_4_027321
008 251017b xxu||||| |||| 00| 0 vie d
999 |c 9359  |d 9359 
020 |a 9781563273889 
082 |2 23rd ed.  |a 658.562  |b S555 
100 1 |a Shiba, Shoji 
245 1 0 |a Four practical revolutions in management :   |b Systems for creating unique organizational capability  |c Shoji Shiba ; David Walden 
260 |a New York  |b Productivity Press  |c 1993 
300 |a xxvi, 758 p.  |b ill.  |c 23 cm 
504 |a Includes bibliographical references and index 
520 3 |a This book presents an integrated approach to management aimed at boosting business efficiency and enabling breakthrough opportunities. Shiba and Walden emphasize transforming company thinking to recognize opportunities, even fostering collaboration with competitors. They advocate balancing internal efficiency with outward expansion, especially into emerging Asian markets. The authors promote radical thinking and risk-taking as essential strategies for thriving in a globalized economy. 
653 |a Quản trị kinh doanh 
700 1 |a Walden, David  
942 |2 ddc  |c BK 
952 |0 0  |1 0  |2 ddc  |4 0  |6 658_562000000000000_S555  |7 0  |9 31495  |a 000001  |b 000001  |d 2025-10-17  |o 658.562 S555  |p MD.24474  |r 2025-10-17  |w 2025-10-17  |y BK 
980 |a Thư viện Trường Đại học Nam Cần Thơ